000 00566pab a2200181 454500
008 180718b2011 xxu||||| |||| 00| 0 eng d
100 _aTiernan, Anne
245 _aAdvising Australian federal governments: Assessing the evolving capacity and role of the Australian public service
260 _c2011
300 _ap.335-346.
362 _aDec
650 _aPublic policy - Australia
650 _aPublic administration - Australia
650 _aPublic administration
773 _aAustralian Journal of Public Administration
908 _aN
909 _a96439
999 _c96439
_d96439